LEADER 01773nam a2200361 a 4500 001 000000053475 003 CaOOAMICUS 005 20140626142639.0 008 001116s1985 it u000 u ita r 020 $a8828000376 035 $a10861401 040 $aPUL(R)$bita 100 1 $aRivetti Barbò, Francesca.$0(OLS)http://pul/name/38056 245 10$aDialogo e malinteso /$cFrancesca Rivetti Barbò ; con testi di Richard M. Burian ... [et al.]. 260 $aMilano :$bMarzorati Editore,$c1985. 300 $a277 p. ;$c22 cm 490 1 $aDipartimento di ricerche filosofiche (II Università degli Studi di Roma). Collana di studi ;$v2 504 $aNote bibliografiche. 650 4$aFilosofia moderna$xStudi.$0(OLS)http://pul/subject/4809 830 0$aCollana di studi (Dipartimento di Ricerche Filosofiche, II Università degli Studi di Roma) ;$v2.$0(OLS)http://pul/title/3352 850 $aPUL 852 $aPUL$W1$xDP1 Fondo Gelio$y54$m1 C 3$j41846$qFondi$B148044$CPULBib$Z2$F148044 $82 852 $aPUL$W1$xDP1 Fondo Giannini$y60$m1555 A 19$j70551$nBK-PRI$b $qFondi$B70551$CPULBib$Z2$F70551 $H $81 852 $aPUL$W1$xSL Filosofia 1$y2$m97 N 1.2$j145896$nBK-PRI$qStampati$B70552$CPULBib$Z2$F70552 $H55502 $82 852 $aPUL$W1$xDP1 Filosofia 1$y19$m590 I 41$j160509$a4. copia$qStampati$B159947$CPULBib$Z2$F159947 $H53769 $82 941 1 $a1 941 1 $a8 961 $aINV: Fondo Giannini 961 $aINV: 55502 996 $6020$a8828000376$9(OLS)http://pul/number/67394 996 $6245$aDialogo e malinteso$9(OLS)http://pul/title/71742 996 $6260$aMilano :$bMarzorati Editore$9(OLS)http://pul/publisher/61192 LEADER 01131nam a2200289 u 4500 001 000000058349 003 CaOOAMICUS 005 20070226120701.0 008 010531s1991 it u000 u ita u 035 $a10891140 040 $aPUL(R)$bita 041 1 $aita$hfre 100 1 $aVergote, Antoine.$0(OLS)http://pul/name/15250 245 10$aPsicologia religiosa /$cAntoine Vergote ; introduzione e traduzione di Norberto Galli. 260 $aTorino :$bBorla,$cstampa 1991. 300 $a318 p. ;$c21 cm 490 1 $aRicerche sull'esistenza umana 650 4$aPsicologia religiosa.$0(OLS)http://pul/subject/7729 700 1 $aGalli, Norberto.$0(OLS)http://pul/name/5442 830 0$aRicerche sull'esistenza umana.$0(OLS)http://pul/title/78161 850 $aPUL 852 $aPUL$W1$xSL Religione 1$y3$m58 F 73$j76220$nBK-PRI$b $qStampati$B76220$CPULBib$Z2$F76220 $H $81 941 1 $a8 960 $aPsicologia della religione$97729 961 $aINV: 80255 996 $6245$aPsicologia religiosa$9(OLS)http://pul/title/78160 996 $6260$aTorino :$bBorla$9(OLS)http://pul/publisher/48084